International Journal of Business, Accounting and Finance (IJBAF) (Registro nro. 168181)
[ vista simple ]
| 000 -LEADER | |
|---|---|
| fixed length control field | 00992nam a22002417a 4500 |
| 007 - PHYSICAL DESCRIPTION FIXED FIELD--GENERAL INFORMATION | |
| fixed length control field | cr|||| |||| |
| 008 - FIXED-LENGTH DATA ELEMENTS--GENERAL INFORMATION | |
| fixed length control field | 191023c20189999us fr|w s|||| 0|||b1eng d |
| 022 ## - | |
| -- | 1936-699X |
| 035 ## - | |
| -- | 22455 |
| 040 ## - CATALOGING SOURCE | |
| Original cataloging agency | vLex |
| 090 ## - | |
| -- | 9944 |
| -- | 9944 |
| 245 00 - TITLE STATEMENT | |
| Title | International Journal of Business, Accounting and Finance (IJBAF) |
| Medium | [Recurso electrónico] / |
| 256 ## - | |
| -- | Servicio en línea |
| 260 ## - PUBLICATION, DISTRIBUTION, ETC. (IMPRINT) | |
| Place of publication, distribution, etc | Los Ángeles: |
| Name of publisher, distributor, etc | International Academy of Business and Public Administration Disciplines, |
| Date of publication, distribution, etc | 2018 - |
| 300 ## - PHYSICAL DESCRIPTION | |
| Extent | 1 recurso electrónico |
| 310 ## - | |
| -- | Bianual |
| 506 1# - RESTRICTIONS ON ACCESS NOTE | |
| Terms governing access | Disponible solo en los productos indicados |
| Authorized users | vLex Global |
| -- | vLex Global (Academic Edition, excluding Law Schools) |
| -- | vLex Global (Academic Edition, Law Schools) |
| 650 04 - SUBJECT ADDED ENTRY--TOPICAL TERM | |
| Topical term or geographic name as entry element | Economía y negocios |
| Geographic subdivision | Estados Unidos |
| 740 0# - | |
| -- | vLex Revistas (Servicio en línea) |
| 856 40 - LOCALIZACIÓN Y ACCESO ELECTRÓNICO | |
| Identificador Uniforme del Recurso (URI/URL) | https://app.vlex.com/#/sources/international-journal-of-business-accounting-and-finance-ijbaf-22455 |
| 942 ## - | |
| -- | RAA |
| 999 ## - | |
| -- | 168181 |
| -- | 168181 |
No hay ítems disponibles.